[Event "Rilton Cup 9899"]
[Site "Stockholm"]
[Date "1998.12.30"]
[Round "3"]
[White "Nilsson, Mats"]
[Black "Wedberg, Tom"]
[Result "1/2-1/2"]
[WhiteElo "2135"]
[BlackElo "2475"]

1.d4 Nf6 2.c4 e6 3.Nc3 Bb4 4.Qc2 O-O 5.a3 Bxc3+ 6.Qxc3 b6 7.Bg5 Bb7 8.Nf3 d6
9.Nd2 c5 10.dxc5 bxc5 11.e3 Nbd7 12.f3 Qb6 13.Be2 d5 14.O-O d4 15.exd4 cxd4
16.Qb3 Qa5 17.Qb5 Qc7 18.Bxf6 Nxf6 19.Bd3 Nd7 20.Qa4 e5 21.Qc2 g6 22.b4 f5
23.Rfe1 Nf6 24.c5 Rae8 25.b5 e4 26.fxe4 fxe4 27.Nxe4 Nxe4 28.Bxe4 Bxe4 29.Rxe4 Rxe4
30.Qxe4 Qxc5 31.Qd3 Re8 32.Rd1 Re3  1/2-1/2

[Event "Rilton Cup 9899"]
[Site "Stockholm"]
[Date "1998.12.31"]
[Round "4"]
[White "Ballo, Emanuel"]
[Black "Sjoberg, Mats"]
[Result "0-1"]
[WhiteElo "2200"]
[BlackElo "2385"]

1.d4 Nf6 2.c4 e6 3.Nc3 Bb4 4.Qc2 O-O 5.a3 Bxc3+ 6.Qxc3 b6 7.Bg5 Bb7 8.f3 d5
9.e3 Nbd7 10.Bd3 Rc8 11.c5 bxc5 12.dxc5 Ne4 13.Bxd8 Nxc3 14.Be7 Rfe8 15.Rc1 Na2
16.Rc2 Rxe7 17.b4 a5 18.Rxa2 Ra8 19.Rb2 axb4 20.axb4 Ne5 21.Be2 Ra1+ 22.Kf2 Nc4
23.Bxc4 dxc4 24.Rd2 Bc6 25.Rd8+ Re8 26.Rd2 Ba4 27.Rd4 c3  0-1

[Event "UKR-chT"]
[Site "Alushta"]
[Date "1998.??.??"]
[Round "?"]
[White "Cherniakhovsky, Petr"]
[Black "Solodovnichenko, Yuri"]
[Result "1/2-1/2"]
[WhiteElo "2245"]
[BlackElo "2385"]

1.d4 Nf6 2.c4 e6 3.Nc3 Bb4 4.Qc2 O-O 5.a3 Bxc3+ 6.Qxc3 b6 7.Bg5 Bb7 8.f3 d5
9.e3 Nbd7 10.cxd5 exd5 11.Bb5 c6 12.Ba4 Re8 13.Nh3 Ba6 14.Kf2 Rc8 15.Rac1 h6
16.Bxf6 Nxf6 17.Rhe1 Re7 18.b4 Ne8 19.Kg1 Nd6 20.Nf2 Bc4 21.Ng4 a5 22.Ne5 b5
23.Bc2 Ra7 24.Bb1 axb4 25.axb4 g6 26.Bc2 Qb6 27.Ra1 Rca8 28.Rxa7 Rxa7 29.Ra1 Ra6
30.Nd7 Qa7 31.Rxa6 Qxa6 32.Ne5 Qa8 33.Ng4 h5 34.Ne5 Nc8 35.h3  1/2-1/2

[Event "AUT-chT2W 9798"]
[Site "Austria"]
[Date "1998.??.??"]
[Round "9"]
[White "Kelecevic, Nedeljko"]
[Black "Bischoff, Klaus"]
[Result "1/2-1/2"]
[WhiteElo "2440"]
[BlackElo "2535"]

1.d4 Nf6 2.c4 e6 3.Nc3 Bb4 4.Qc2 O-O 5.Bg5 h6 6.Bh4 c5 7.dxc5 Bxc5 8.e3 Be7
9.Rd1 d6 10.Nf3 a6 11.Be2 Qc7 12.O-O Nbd7 13.Rd2 Rd8 14.Rfd1 Nf8 15.Ne4 N8h7
16.Nxf6+ Nxf6 17.Nd4 b6 18.Bf3 Bb7 19.Bxb7 Qxb7 20.Rc1 Rac8  1/2-1/2

[Event "Bayern-ch Bank Hofmann 2nd"]
[Site "Bad Wiesse"]
[Date "1998.??.??"]
[Round "3"]
[White "Lisko, Frantisek"]
[Black "Epishin, Vladimir"]
[Result "1-0"]
[WhiteElo "2320"]
[BlackElo "2585"]

1.d4 Nf6 2.c4 e6 3.Nc3 Bb4 4.Qc2 O-O 5.a3 Bxc3+ 6.Qxc3 b6 7.Bg5 Bb7 8.Nf3 d6
9.e3 Nbd7 10.Be2 c5 11.dxc5 Nxc5 12.Bxf6 Qxf6 13.Qxf6 gxf6 14.b4 Na4 15.Kd2 Rfd8
16.Kc2 a6 17.Rhd1 Kf8 18.Kb3 Bc6 19.Nd4 Be8 20.Bf3 b5 21.cxb5 axb5 22.Bxa8 Rxa8
23.Rac1 d5 24.Rc7 Nb6 25.Nc6 Nc4 26.Na7 f5 27.h3 h5 28.Rd4 Kg7 29.g4 fxg4
30.hxg4 hxg4 31.Rxg4+ Kf8 32.Rg1 Rb8 33.Rh1 Kg7 34.Rg1+ Kf8 35.Rh1 Kg7 36.Rg1+ Kf8
37.Rd1 Rb6 38.Rh1 Kg7 39.Rg1+ Kf8 40.Rh1 Kg7 41.Ra1 Ra6 42.Kc3 e5 43.a4 bxa4
44.b5 Rf6 45.Rxa4 Rxf2 46.Raxc4 dxc4 47.b6 Rf1 48.Rxc4 Rc1+ 49.Kb4 Rb1+ 50.Kc5 Kf6
51.Rb4 Rc1+ 52.Rc4 Rb1 53.Rb4 Rc1+ 54.Kd6 Rd1+ 55.Kc7 Rd7+ 56.Kc8 Ke6 57.b7 Rxb7
58.Kxb7 f5 59.Kb6 Kd5 60.Nb5 Bxb5 61.Kxb5 e4 62.Rd4+  1-0

[Event "Bayern-ch Bank Hofmann 2nd"]
[Site "Bad Wiesse"]
[Date "1998.??.??"]
[Round "7"]
[White "Herms, Axel"]
[Black "Cladouras, Panagiotis"]
[Result "0-1"]
[WhiteElo "2135"]
[BlackElo "2360"]

1.d4 Nf6 2.c4 e6 3.Nc3 Bb4 4.Qc2 O-O 5.a3 Bxc3+ 6.Qxc3 Ne4 7.Qc2 f5 8.g3 b6
9.Bg2 Bb7 10.Nf3 Nd6 11.Bf4 Be4 12.Qc3 Nc6 13.O-O Ne7 14.Rae1 h6 15.Nd2 Bxg2
16.Kxg2 Ne8 17.Be3 Ng6 18.f4 Nf6 19.Qc2 Ne7 20.Bf2 d5 21.b3 Qd6 22.c5 bxc5
23.dxc5 Qa6 24.Ra1 Qxe2 25.Rfe1 Qa6 26.Nf3 Ne4 27.Nd4 Ng6 28.b4 e5 29.b5 Qf6
30.Nc6 exf4 31.Bd4 Qg5 32.Qb3 fxg3 33.Qxd5+ Kh7 34.Rxe4 Qd2+ 35.Kf3 fxe4+
36.Kxe4 Rae8+ 37.Ne5 Rxe5+ 38.Bxe5 Re8 39.Qd4 Qg5  0-1

[Event "Bayern-ch Bank Hofmann 2nd"]
[Site "Bad Wiesse"]
[Date "1998.??.??"]
[Round "8"]
[White "Krallmann, Matthias"]
[Black "Kostic, Vladimir"]
[Result "1/2-1/2"]
[WhiteElo "2285"]
[BlackElo "2410"]

1.d4 Nf6 2.c4 e6 3.Nc3 Bb4 4.Qc2 O-O 5.a3 Bxc3+ 6.Qxc3 b6 7.Bg5 Bb7 8.e3 c5
9.dxc5 bxc5 10.Rd1 d5 11.cxd5 exd5 12.Bxf6 Qxf6 13.Qxc5 Qxb2 14.Qb4 Qxb4+
15.axb4 Nc6 16.b5 Nb4 17.Nf3 Nc2+ 18.Kd2 Na3 19.Ra1 Nc4+ 20.Bxc4 dxc4 21.Rhc1 a6
22.bxa6 Bxa6 23.Ne5 Rfd8+ 24.Kc3 f6 25.Nxc4 Bxc4 26.Kxc4 Rac8+ 27.Kb4 Rb8+
28.Kc3 Rbc8+ 29.Kb4 Rb8+ 30.Kc3 Rb5 31.Rc2 Rh5 32.h3 Rg5 33.g3 Rf5 34.Kb2 Rd7
35.h4 h5 36.Kc1 Kf7 37.Raa2 Kg6 38.Rd2 Rb7 39.Rab2 Ra7 40.Ra2 Rb7 41.Rab2 Ra7
42.Ra2 Rb7  1/2-1/2

[Event "Bad Woerishofen op"]
[Site "Bad Woerishofen"]
[Date "1998.??.??"]
[Round "4"]
[White "Kalinitschew, Sergey"]
[Black "Bischoff, Klaus"]
[Result "1/2-1/2"]
[WhiteElo "2495"]
[BlackElo "2545"]

1.d4 Nf6 2.c4 e6 3.Nc3 Bb4 4.Qc2 O-O 5.Bg5 h6 6.Bh4 c5 7.dxc5 Bxc5 8.Nf3 Be7
9.e3 d6 10.Rd1 a6 11.Rg1 b6 12.g4 Bb7 13.g5 Bxf3 14.gxf6 Bxf6 15.Rxd6 Qe7
16.Bxf6 Qxf6  1/2-1/2

[Event "Landesliga Sued 9899"]
[Site "Bayern"]
[Date "1998.??.??"]
[Round "?"]
[White "Salvermoser, Bernd"]
[Black "Schnelzer, Reinhold"]
[Result "0-1"]
[WhiteElo "2245"]
[BlackElo "2285"]

1.d4 Nf6 2.c4 e6 3.Nc3 Bb4 4.Qc2 O-O 5.a3 Bxc3+ 6.Qxc3 b6 7.Bg5 d6 8.e3 Nbd7
9.Bd3 c5 10.Ne2 Bb7 11.O-O Rc8 12.f3 cxd4 13.Qxd4 Ne5 14.Rac1 Ba6 15.e4 h6
16.Bxf6 Qxf6 17.Rfd1 d5 18.exd5 exd5 19.b3 dxc4 20.Bxc4 Bxc4 21.bxc4 Rfd8
22.Qe4 Rxd1+ 23.Rxd1 Nxc4 24.Qb7 Re8 25.Ng3 Ne3  0-1

[Event "Landesliga Sued9798"]
[Site "Bayern"]
[Date "1998.??.??"]
[Round "?"]
[White "Salvermoser, Bernd"]
[Black "Nurbekoglu, Michael"]
[Result "1-0"]
[WhiteElo "2275"]
[BlackElo "2100"]

1.d4 Nf6 2.c4 e6 3.Nc3 Bb4 4.Qc2 O-O 5.a3 Bxc3+ 6.Qxc3 b6 7.Bg5 c5 8.Nh3 Bb7
9.e3 d6 10.f3 Nbd7 11.Be2 Rc8 12.O-O h6 13.Bh4 d5 14.Rac1 Re8 15.Rfd1 Qe7
16.Bf2 e5 17.dxc5 Rxc5 18.b4 Rcc8 19.Qb2 Qe6 20.cxd5 Bxd5 21.e4 Bb7 22.Be3 Nf8
23.Nf2 Ng6 24.Nd3 Nh5 25.a4 Nhf4 26.Bf1 Nxd3 27.Bxd3 Rxc1 28.Rxc1 Qd6 29.Bc4 Qd7
30.b5 Kh8 31.Qa2 Rc8 32.Qd2 Qxd2 33.Bxd2 Rc7 34.a5 bxa5 35.Bxa5 Rc8 36.Bd2 Nf4
37.Be3 Rc7 38.g3 Nh3+ 39.Kg2 Ng5 40.h4 Ne6 41.Bxa7 Nd4 42.Bb8 Rc8 43.Bxe5 Nxb5
44.Bf4 Nd4 45.Bxf7 Rxc1 46.Bxc1 Ba6 47.Bb2 Nc2 48.g4  1-0

[Event "Berliner Sommer 16th"]
[Site "Berlin"]
[Date "1998.??.??"]
[Round "6"]
[White "Lorscheid, Gerhard"]
[Black "Eismont, Oleg"]
[Result "1/2-1/2"]
[WhiteElo "2300"]
[BlackElo "2465"]

1.d4 Nf6 2.c4 e6 3.Nc3 Bb4 4.Qc2 O-O 5.a3 Bxc3+ 6.Qxc3 b6 7.Bg5 Re8 8.Nf3 Bb7
9.Nd2 h6 10.Bh4 c5 11.dxc5 bxc5 12.e3 d6 13.Bd3 Nbd7 14.O-O a5 15.Rad1 a4
16.Nb1 Ra6 17.Rd2 Qb6 18.Bg3 Nh5 19.Rfd1 Nxg3 20.hxg3 Nf6 21.Qc2 Qc6 22.f3 Rb6
23.Nc3 Rb3 24.Qc1 Rd8 25.Bc2 Rxc3 26.bxc3 Ba6 27.Bd3 Kf8 28.Be2 Ke7 29.Qb1 g6
30.Kf2 h5 31.e4 Rd7 32.Rb2 Qa8 33.Qc1 Rb7 34.Qb1 Rxb2 35.Qxb2 Nd7 36.Rb1 Qc6
37.Qd2 Qc7 38.Qg5+ Ke8 39.Qd2 Bb7 40.Rd1 Ke7 41.Qg5+ Ke8 42.g4 hxg4 43.Qxg4 Nf6
44.Qg5 Ke7 45.Bd3 e5 46.Rb1 Bc6 47.g3 Qa5 48.Qd2 Qc7 49.Qb2 Nd7 50.Bf1 Qc8
51.Bh3 Qh8 52.Rh1 Qh6 53.Qc1 Qxc1 54.Rxc1 Nb6 55.Bf1 Kd8  1/2-1/2

[Event "Berliner Sommer 16th"]
[Site "Berlin"]
[Date "1998.??.??"]
[Round "7"]
[White "Grigore, George"]
[Black "Lalic, Bogdan"]
[Result "1/2-1/2"]
[WhiteElo "2475"]
[BlackElo "2560"]

1.d4 Nf6 2.c4 e6 3.Nc3 Bb4 4.Qc2 O-O 5.a3 Bxc3+ 6.Qxc3 Ne4 7.Qc2 f5 8.g3 b6
9.Bg2 Bb7 10.Nh3 c5 11.dxc5 Nxc5 12.Bxb7 Nxb7 13.O-O Nc6  1/2-1/2

[Event "Bled op"]
[Site "Bled"]
[Date "1998.??.??"]
[Round "4"]
[White "Nikolov, Sasho"]
[Black "Cebalo, Miso"]
[Result "1-0"]
[WhiteElo "2415"]
[BlackElo "2515"]

1.d4 Nf6 2.c4 e6 3.Nc3 Bb4 4.Qc2 O-O 5.a3 Bxc3+ 6.Qxc3 Ne4 7.Qc2 f5 8.Nh3 b6
9.f3 Nf6 10.e3 Bb7 11.Bd3 Nc6 12.O-O Qe8 13.b4 a5 14.b5 Ne7 15.Bb2 Qh5 16.Rae1 Ng6
17.e4 fxe4 18.fxe4 Ng4 19.d5 d6 20.Qd2 Rae8 21.Qg5 Qxg5 22.Nxg5 N4e5 23.Be2 Bc8
24.a4 exd5 25.Rxf8+ Nxf8 26.cxd5 h6 27.Nf3 Ned7 28.Bd3 Ng6 29.Bc2 Nge5 30.Bd4 g5
31.Re3 Re7 32.Rc3 Nxf3+ 33.gxf3 Nc5 34.e5 Bb7 35.exd6 cxd6 36.Bf6 Re8 37.Bg6 Ra8
38.Re3 Nd7 39.Re7 Nxf6 40.Rxb7 Rc8 41.Rxb6 Kg7 42.Rc6  1-0

[Event "Budapest Nyar-B"]
[Site "Budapest"]
[Date "1998.??.??"]
[Round "2"]
[White "Neumann, Peter"]
[Black "Tatai, Stefano"]
[Result "1-0"]
[WhiteElo "2365"]
[BlackElo "2385"]

1.d4 Nf6 2.c4 e6 3.Nc3 Bb4 4.Qc2 O-O 5.Nf3 b6 6.e4 d5 7.e5 Ne4 8.Bd3 Bb7
9.O-O Bxc3 10.bxc3 h6 11.Ne1 Qh4 12.g3 Qh3 13.cxd5 exd5 14.f3  1-0

[Event "Budapest FS07 IM-A"]
[Site "Budapest"]
[Date "1998.??.??"]
[Round "8"]
[White "Barvin, Konstantin"]
[Black "Eperjesi, Laszlo"]
[Result "1/2-1/2"]
[WhiteElo "2315"]
[BlackElo "2365"]

1.d4 Nf6 2.c4 e6 3.Nc3 Bb4 4.Qc2 O-O 5.Nf3 d6 6.Bg5 Nbd7 7.e3 h6 8.Bh4 b6
9.Be2 Bb7 10.O-O Bxc3 11.Bxf6 Nxf6 12.Qxc3 Ne4 13.Qc2 f5 14.Nd2 Nxd2 15.Qxd2 Qg5
16.f3 Rad8 17.Rf2 c5 18.Qc3 Qf6 19.Rd1 e5 20.Bf1 cxd4 21.exd4 e4 22.fxe4 Bxe4
23.a4 Kh8 24.a5 d5 25.c5 Rc8 26.axb6 axb6 27.b4 bxc5 28.bxc5 f4 29.Be2 g5
30.Bg4 Rc7 31.Rb2 Qg6 32.Qa5 Rc6 33.Rb6 Rcf6 34.Qb4 h5 35.Rxf6 Rxf6 36.Qb8+ Kh7
37.Be2 g4 38.Bf1 f3 39.Ra1 fxg2 40.Ra7+ Rf7 41.Bxg2 Bxg2 42.Rxf7+ Qxf7 43.Kxg2 Qf3+
44.Kg1  1/2-1/2

[Event "Budapest FS06 GM"]
[Site "Budapest"]
[Date "1998.??.??"]
[Round "8"]
[White "Lorscheid, Gerhard"]
[Black "Stocek, Jiri"]
[Result "0-1"]
[WhiteElo "2315"]
[BlackElo "2450"]

1.d4 Nf6 2.c4 e6 3.Nc3 Bb4 4.Qc2 O-O 5.a3 Bxc3+ 6.Qxc3 b6 7.Bg5 Bb7 8.Nf3 d6
9.Nd2 Nbd7 10.f3 h6 11.Bh4 c5 12.e4 Re8 13.Bf2 cxd4 14.Qxd4 Qc7 15.Bg3 Ne5
16.h3 Rad8 17.Be2 Nh5 18.Bh2 Ng6 19.Qe3 f5 20.g4 f4 21.Qg1 Ng3 22.Bxg3 fxg3
23.Qxg3 Qc5 24.O-O-O d5 25.Kb1 Qe3 26.Qe1 dxe4 27.Nxe4 Nf4 28.Nc3 Nxe2 29.Qxe2 Qxe2
30.Nxe2 Bxf3 31.Rxd8 Rxd8 32.Re1 Be4+ 33.Kc1 Kf7 34.Nf4 Rd4 35.b3 g5 36.Nh5 Bg6
37.Rd1 Rxd1+ 38.Kxd1 Be4 39.Ke2 Bg2 40.Ng3 Kf6 41.b4 Ke5  0-1

[Event "Golden Cleopatra"]
[Site "Cairo"]
[Date "1998.??.??"]
[Round "7"]
[White "Mohamed, Esam Ahmed Nagib"]
[Black "Estrada Nieto, Julian"]
[Result "1-0"]
[WhiteElo "2485"]
[BlackElo "2395"]

1.d4 Nf6 2.c4 e6 3.Nc3 Bb4 4.Qc2 O-O 5.Bg5 h6 6.Bh4 c5 7.dxc5 Na6 8.Nf3 Nxc5
9.Nd2 d5 10.cxd5 g5 11.a3 Bxc3 12.Qxc3 Nce4 13.Nxe4 Nxe4 14.Qb4 Qxd5 15.Rd1 a5
16.Qb6 Qc6 17.Qxc6 bxc6 18.Bg3 Nxg3 19.hxg3 Kg7 20.e3 Ba6 21.Rd2 Rfb8 22.Bxa6 Rxa6
23.Kd1 Rab6 24.Kc1 Rb3 25.Rc2 c5 26.Rd1 c4 27.Rd7 c3 28.bxc3 Rxa3 29.c4 Ra1+
30.Kd2 a4 31.Ra7 a3 32.c5 Rc8 33.Kd3 Rd1+ 34.Kc4 Rdd8 35.Kb3 Rd3+ 36.Kc4 Rdd8
37.Rxa3 Kf6 38.Rca2 Rd1 39.Rc2 Rdd8 40.Rca2 Rd1 41.Rc2 Ke5 42.Ra7 f5 43.Rh7 g4
44.Rf7 h5 45.Ra7 Rg1 46.Rd7 Rb1 47.Rd6 Rg1 48.Rd4 Rb1 49.Rdd2 Rg1 50.Rd6 Rb1
51.Ra6 Rd1 52.Rb6 Rd5 53.Kb5 Rd1 54.Ka6 Rd5 55.Rb5 Ra8+ 56.Kb7 Rf8 57.f4+ gxf3
58.gxf3 Rd7+ 59.Kc6 Rd3 60.Kb6 Rxe3 61.f4+ Ke4 62.c6 Rxg3 63.c7  1-0

[Event "WLS-ch"]
[Site "Cardiff"]
[Date "1998.??.??"]
[Round "3"]
[White "Morris, Gareth"]
[Black "Dyce, Andrew"]
[Result "0-1"]
[WhiteElo "2150"]
[BlackElo "2230"]

1.d4 Nf6 2.c4 e6 3.Nc3 Bb4 4.Qc2 O-O 5.a3 Bxc3+ 6.Qxc3 b6 7.Bg5 c5 8.dxc5 bxc5
9.e3 Nc6 10.Bd3 Rb8 11.Ne2 Qa5 12.Qxa5 Nxa5 13.b4 Nc6 14.b5 Ne5 15.Nf4 d5
16.a4 dxc4 17.Bc2 a6 18.Rb1 axb5 19.axb5 Bd7 20.b6 Bc6 21.O-O Ned7 22.Ne2 Nd5
23.Be4 Rxb6 24.Rxb6 N7xb6 25.Rb1 Nd7 26.Kf1 Rb8 27.Ke1 Nb4 28.Rxb4 cxb4 29.Bxc6 Nc5
30.Kd1 f6 31.Bf4 Rd8+ 32.Kc2 e5 33.Bg3 c3 34.Nxc3 bxc3 35.Kxc3 Kf7 36.Kc4 Ne6
37.Bd5 Ke7 38.f4 Rc8+ 39.Kd3 Rc5 40.Be4 f5 41.Bxf5 exf4 42.Bh4+ g5 43.Bxe6 Kxe6
44.Bf2 Ra5 45.exf4 gxf4 46.Ke4 Ra2 47.Kf3 Kf5 48.g4+ Ke5 49.h3 Ra3+ 50.Kg2 Ke4
51.h4 Ra2 52.g5 Kf5 53.Kf3 Ra3+ 54.Kg2 Kg4 55.Be1 Ra2+  0-1

[Event "Chemnitz op"]
[Site "Chemnitz"]
[Date "1998.??.??"]
[Round "5"]
[White "Lomineishvili, Maia"]
[Black "Steinbacher, Claudia"]
[Result "1-0"]
[WhiteElo "2335"]
[BlackElo "2125"]

1.d4 Nf6 2.c4 e6 3.Nc3 Bb4 4.Qc2 O-O 5.a3 Bxc3+ 6.Qxc3 Ne4 7.Qc2 f5 8.e3 b6
9.Bd3 Bb7 10.f3 Nf6 11.Ne2 d6 12.O-O Nbd7 13.b4 c5 14.Bb2 Qe7 15.dxc5 dxc5
16.Bc3 Rad8 17.Rad1 Nh5 18.Nf4 Nhf6 19.Be2 Nb8 20.Qb2 Kf7 21.e4 Rxd1 22.Bxd1 Rd8
23.Bc2 fxe4 24.fxe4 Kg8 25.Qb1 Ng4 26.Qe1 Nc6 27.Qg3 Nge5 28.Nh5 Qc7 29.Nf6+ Kh8
30.Ng4  1-0

[Event "Chemnitz op"]
[Site "Chemnitz"]
[Date "1998.??.??"]
[Round "7"]
[White "Lomineishvili, Maia"]
[Black "Bosch, Jeroen"]
[Result "1/2-1/2"]
[WhiteElo "2335"]
[BlackElo "2460"]

1.d4 Nf6 2.c4 e6 3.Nc3 Bb4 4.Qc2 O-O 5.a3 Bxc3+ 6.Qxc3 b6 7.Bg5 Bb7 8.e3 d6
9.f3 h6 10.Bh4 d5 11.cxd5 exd5 12.Bxf6 Qxf6 13.Qxc7 Ba6 14.Bxa6 Nxa6 15.Qc3 Qg6
16.Qd2 Rfc8 17.Nh3 Rc2 18.Nf4 Rxd2 19.Nxg6 Rxg2 20.Nf4 Rxb2 21.Nxd5 Re8 22.O-O f5
23.Rfb1 Re2 24.Re1 Rd2 25.Rad1 Ra2 26.Rd3 Kf7 27.e4 Rd8 28.Rc1 Re2 29.Nc3 Rb2
30.Na4 Re2 31.Nc3 Rb2 32.Nd1 Rb5 33.Nf2 Ke7 34.Rc6 fxe4 35.fxe4 Rg5+ 36.Kf1 Kd7
37.Rcc3 Nc7 38.Rg3 Nb5 39.Rxg5 hxg5 40.Rd3 Ke6 41.d5+ Ke5 42.Rg3 Kd4 43.Ke1 g4
44.Rd3+ Ke5 45.Re3 Nd4 46.Kd1 Rf8 47.Nxg4+ Kf4 48.h3 Rd8 49.Kd2 Nf3+ 50.Kd3 b5
51.Nf2 Rc8 52.Ng4  1/2-1/2

[Event "CZE-ch U18"]
[Site "CZE"]
[Date "1998.??.??"]
[Round "?"]
[White "Hendrych, Vaclav"]
[Black "Hoffmann, M."]
[Result "1/2-1/2"]
[WhiteElo "1860"]
[BlackElo "2070"]

1.d4 Nf6 2.c4 e6 3.Nc3 Bb4 4.Qc2 O-O 5.Nf3 c5 6.dxc5 Na6 7.e3 Nxc5 8.a3 Bxc3+
9.Qxc3 b6 10.Be2 Bb7 11.O-O Rc8 12.b4 Nce4 13.Qb3 d5 14.Bb2 Qe7 15.h3 Nd6
16.cxd5 Bxd5 17.Qd1 Nfe4 18.Rc1 Rxc1 19.Qxc1 Rc8 20.Qa1 f6 21.Rc1 Bc4 22.Bxc4 Nxc4
23.Qa2 b5 24.Nd4 a6 25.Nb3 Rd8 26.Qb1 Ned2 27.Nxd2 Rxd2 28.Bc3 Rd7 29.Rd1 Qd8
30.Rxd7 Qxd7 31.Qc1 Qd3 32.g3 Kf7 33.Kg2 Qf5 34.Bb2 Qe4+ 35.Kg1 Qd3 36.Bc3 Kf8
37.Kg2 Ke7 38.g4 Qe2 39.Bd4 Qa2 40.Bc5+ Ke8 41.Qd1 Qd2 42.Qb3 Qd5+ 43.Kg3 Kf7
44.a4 Qe5+ 45.Kg2 Qd5+ 46.Kg3 h5 47.axb5 axb5 48.gxh5 Qh1 49.Qc2 Qg1+ 50.Kf3 f5
51.Qa2 Qd1+  1/2-1/2

[Event "Moravia-chT 9899"]
[Site "CZE"]
[Date "1998.??.??"]
[Round "2"]
[White "Bazant, Petr"]
[Black "Klima, Lukas"]
[Result "1/2-1/2"]
[WhiteElo "2310"]
[BlackElo "2280"]

1.d4 Nf6 2.c4 e6 3.Nc3 Bb4 4.Qc2 O-O 5.a3 Bxc3+ 6.Qxc3 b6 7.f3 d5 8.e3 Nbd7
9.Bd3 c5 10.cxd5 Nxd5 11.Qc2 cxd4 12.exd4 N7f6 13.Ne2 Bb7 14.Bg5 h6 15.Bd2 Rc8
16.Qb3 Ne7 17.Be3 Bd5 18.Qa4 Nf5 19.Bf2 Nd6 20.O-O Bc4 21.Qd1 Bxd3 22.Qxd3 Nd5
23.Rac1 Qd7 24.Bg3 Nf5 25.Bf2 Rfd8 26.g4 Nfe7 27.Bg3 Rxc1 28.Rxc1 Rc8 29.Rxc8+ Qxc8
30.Nc3 Qc6 31.Kf2 Nxc3 32.Qxc3 Qd7 33.Qc4 Nd5 34.a4 Qb7 35.b4 a6 36.b5 axb5
37.axb5 Qa8 38.Be5 Qa3 39.Qc8+ Kh7 40.Qc2+ Kg8 41.Qc8+ Qf8 42.Qc6 Kh7 43.h4 Qa3
44.Qc2+ f5 45.gxf5 Ne3 46.Qe2 Nxf5 47.h5 Qc1 48.Qd3 g6 49.hxg6+ Kxg6 50.Qe2 Qc3
51.Kg2 h5 52.Kh3 Qe3 53.Qxe3 Nxe3 54.Bc7 Nd5 55.Bd8 Nc3 56.Bxb6 Nxb5 57.Bc5 Nc7
58.Bd6 Nd5 59.Be5 Kg5 60.Kg3 Ne7 61.Bf4+ Kg6 62.Be5 Kg5 63.Bf4+ Kf5 64.Bd6 Ng6
65.Kf2 h4 66.Kg2 Nf4+ 67.Kh2 Kg5 68.Be7+ Kh5 69.Bf6 Nd5 70.Bd8 Nf4 71.Bf6  1/2-1/2

[Event "Moravia-chT 9899"]
[Site "CZE"]
[Date "1998.??.??"]
[Round "3"]
[White "Skacelik, Petr"]
[Black "Jurasek, Miroslav"]
[Result "0-1"]
[WhiteElo "2265"]
[BlackElo "2300"]

1.d4 Nf6 2.c4 e6 3.Nc3 Bb4 4.Qc2 O-O 5.a3 Bxc3+ 6.Qxc3 b6 7.Bg5 Bb7 8.e3 d6
9.f3 Nbd7 10.Bd3 Rc8 11.Ne2 c5 12.O-O d5 13.b3 cxd4 14.exd4 Ba6 15.Rac1 dxc4
16.bxc4 Bxc4 17.Bxc4 b5 18.Qb4 bxc4 19.Rxc4 Rxc4 20.Qxc4 Qa5 21.Bc1 Nb6 22.Qb3 Rc8
23.Rd1 Rc4 24.Bd2 Qa6 25.Rc1 Ra4 26.Nc3 Rxa3 27.Qb4 Ra1 28.Rxa1 Qxa1+ 29.Kf2 h6
30.Kg3 Qg1 31.Ne4 Nxe4+ 32.fxe4 Qf1 33.Bf4 Qd3+ 34.Kf2 Qxe4 35.Bb8 Nd5 36.Qd2 Qf5+
37.Kg3 a5 38.Qxa5 Qd3+ 39.Kf2 Qc2+ 40.Kf3  0-1

[Event "Moravia-chT 9899"]
[Site "CZE"]
[Date "1998.??.??"]
[Round "4"]
[White "Sobek, Jaroslav"]
[Black "Jurasek, Miroslav"]
[Result "1-0"]
[WhiteElo "2245"]
[BlackElo "2315"]

1.d4 Nf6 2.c4 e6 3.Nc3 Bb4 4.Qc2 O-O 5.a3 Bxc3+ 6.Qxc3 Ne4 7.Qc2 f5 8.e3 b6
9.Bd3 Bb7 10.Ne2 d5 11.O-O Kh8 12.f3 Nd6 13.c5 bxc5 14.dxc5 Nf7 15.Nd4 Qe8
16.f4 a5 17.Bd2 Ba6 18.b4 Nc6 19.Bxa6 Rxa6 20.Qd3 Ra8 21.Bc3 Nfd8 22.Nf3 a4
23.b5 Na5 24.Qd4 Rg8 25.Qxa4 Ndb7 26.Qb4 Nc4 27.Bd4 Qe7 28.Ne5 Nxe5 29.Bxe5 Na5
30.c6 Qf7 31.a4 Rgb8 32.Rfc1 h6 33.Qc3 Kh7 34.Rcb1 Qe7 35.Bd4 g5 36.Bf6 Qf7
37.fxg5 Nc4 38.a5 Nd6 39.b6 Ne4 40.Qd4 Qe8 41.Be5 Qxc6 42.Rc1 Qb5 43.Rxc7+ Kg6
44.Rg7+  1-0

[Event "POL-ch sf"]
[Site "Czestochowa"]
[Date "1998.??.??"]
[Round "4"]
[White "Kaszowski, Dariusz"]
[Black "Liwak, Przemyslaw"]
[Result "1-0"]
[WhiteElo "2295"]
[BlackElo "2230"]

1.d4 Nf6 2.c4 e6 3.Nc3 Bb4 4.Qc2 O-O 5.a3 Bxc3+ 6.Qxc3 Ne4 7.Qc2 f5 8.e3 b6
9.Bd3 Bb7 10.Ne2 Qh4 11.O-O Rf6 12.f3 Rh6 13.h3 d6 14.d5 Ng3 15.Nxg3 Qxg3
16.Qf2 Qe5 17.f4 Qf6 18.e4 Nd7 19.Be3 Nc5 20.Bxc5 bxc5 21.b4 Qc3 22.Qe3 fxe4
23.Qxe4 exd5 24.cxd5 Qd4+ 25.Qxd4 cxd4 26.Rac1 Bxd5 27.Rxc7 Re6 28.Bc4 Bxc4
29.Rxc4 Re4 30.Rd1 Rxf4 31.Rcxd4 Rxd4 32.Rxd4 Rd8 33.Kf2 Kf7 34.Ke3 Ke6 35.Re4+ Kd7
36.Kd4 Rc8 37.Rg4 g6 38.Rg5 Ke6 39.Ra5 Rc7 40.a4 h6 41.g3 g5 42.Ra6 Rb7 43.b5 Rc7
44.a5 Rc5 45.Rxa7 Rxb5 46.a6 Rb4+ 47.Kc3 Ra4 48.Kb3 Ra1 49.Kc4 Kf6 50.Ra8 Kg7
51.Kd5 Ra3 52.g4 Rxh3 53.Rd8 Ra3 54.Rd7+ Kf6 55.Rxd6+ Ke7 56.Rxh6 Ra5+ 57.Kc4 Kd7
58.a7 Kc7 59.Rh8  1-0

[Event "POL-ch sf"]
[Site "Czestochowa"]
[Date "1998.??.??"]
[Round "7"]
[White "Jedynak, Radoslaw"]
[Black "Szymanski, Marcin"]
[Result "0-1"]
[WhiteElo "2220"]
[BlackElo "2295"]

1.d4 e6 2.c4 Nf6 3.Nc3 Bb4 4.Qc2 O-O 5.a3 Bxc3+ 6.Qxc3 b6 7.Bg5 Bb7 8.e3 d6
9.f3 Nbd7 10.Bd3 d5 11.Ne2 c5 12.dxc5 Nxc5 13.b4 Nxd3+ 14.Qxd3 h6 15.Bxf6 Qxf6
16.O-O dxc4 17.Qxc4 Rac8 18.Qd4 Ba6 19.Qxf6 gxf6 20.Rfe1 Bxe2 21.Rxe2 Rfd8
22.e4 Rc3 23.Kf2 Rdd3 24.a4 Ra3 25.Rea2 Rd2+ 26.Rxd2 Rxa1 27.a5 bxa5 28.bxa5 Rxa5
29.Rd8+ Kg7 30.Ra8 Ra2+ 31.Kg3 a5 32.Kh3 a4 33.Kg3 a3 34.Kh3 Ra1 35.g3 Ra2
36.g4 Ra1 37.Kg2 Kg6 38.Rg8+ Kh7 39.Rf8 Kg7 40.Ra8 a2 41.h3 h5 42.Ra7 h4
43.Ra8 Kg6 44.Ra5 Kh6 45.Rh5+ Kg7 46.Ra5 Kf8 47.Ra7 Ke8 48.Kh2 Kd8 49.Kg2 Kc8
50.Ra8+ Kb7 51.Ra5 Kb6 52.Ra8 Kc5 53.Ra6 Kd4 54.Ra8 Ke3 55.Ra3+ Kf4 56.Ra8 Rd1
57.Rxa2 Rd3 58.Rb2 Rxf3 59.Rb7 e5 60.Rxf7 Kxe4 61.Rh7 Rg3+ 62.Kh2 Kf3 63.Rxh4 Rg2+
64.Kh1 Kg3 65.g5 Kxh4 66.Kxg2 fxg5  0-1

[Event "Dieren op"]
[Site "Dieren"]
[Date "1998.??.??"]
[Round "1"]
[White "Erwich, Frans AGM"]
[Black "Hoeksema, Hendrik Pieter"]
[Result "1/2-1/2"]
[WhiteElo "2105"]
[BlackElo "2405"]

1.d4 Nf6 2.c4 e6 3.Nc3 Bb4 4.Qc2 O-O 5.Bg5 c5 6.dxc5 Nc6 7.Nf3 Bxc5 8.e3 b6
9.a3 Bb7 10.Be2 Be7 11.O-O Rc8 12.Rfd1 Ne8 13.Bf4 Na5 14.Ne5 d6 15.b4 Nc6
16.Nxc6 Bxc6 17.Qb3 Bf6 18.Rac1 Qe7 19.Bg3 Bxc3 20.Qxc3 Qb7 21.f3 Ba4 22.Rd2 d5
23.Qb2 dxc4 24.Rxc4 Rxc4 25.Bxc4 Qc6 26.Rd4 Bb5 27.Bb3 Ba4 28.Bxa4 Qxa4 29.b5 Qa5
30.Rb4 a6 31.bxa6 Qxa6 32.Rxb6 Qa7 33.Be5 f6 34.Bd4 Qd7 35.Qb3 Nc7 36.Bc5 Re8
37.a4 Nd5 38.Rd6 Qc8 39.Qb5 Qa8 40.a5 Rb8 41.Qd7 Qxa5 42.Qxe6+ Kh8 43.Kf2 Qxc5
44.Qxd5 Qxd5 45.Rxd5 Rb2+ 46.Kg3 Kg8 47.Rd7 Re2 48.e4 h5 49.h4 Kh7 50.Re7 Kg6
51.Kh3 Re3 52.Kg3 Re2 53.Kh3  1/2-1/2

[Event "Centrocoop Sept op-A"]
[Site "Eforie Nord"]
[Date "1998.??.??"]
[Round "?"]
[White "Zhidkov, Valery S"]
[Black "Lazarev, Sergei G"]
[Result "1/2-1/2"]
[WhiteElo "2400"]
[BlackElo "2440"]

1.d4 Nf6 2.c4 e6 3.Nc3 Bb4 4.Qc2 O-O 5.a3 Bxc3+ 6.Qxc3 Ne4 7.Qc2 f5 8.Nf3 b6
9.g3 Bb7 10.Bg2 Nf6 11.O-O Be4 12.Qc3 Qe7 13.Bg5 h6 14.Bxf6 Qxf6 15.Ne5 Bxg2
16.Kxg2 Rc8 17.c5 Nc6  1/2-1/2

[Event "Centrocoop Sept op-A"]
[Site "Eforie Nord"]
[Date "1998.??.??"]
[Round "?"]
[White "Fufulyan, G."]
[Black "Lazarev, Sergei G"]
[Result "0-1"]
[WhiteElo "2100"]
[BlackElo "2440"]

1.d4 Nf6 2.c4 e6 3.Nc3 Bb4 4.Qc2 O-O 5.Bg5 d6 6.a3 Bxc3+ 7.Qxc3 Nbd7 8.e3 b6
9.Bd3 Bb7 10.f3 Qe7 11.Qc2 h6 12.Bh4 c5 13.dxc5 Nxc5 14.Ne2 Rac8 15.Nc3 Ba6
16.Be2 Ncd7 17.b3 d5 18.cxd5 Bxe2 19.d6 Qxd6 20.Kxe2 Qe5 21.Rac1 Nd5 22.Be1 Qxe3+
23.Kd1 Nxc3+ 24.Bxc3 Rfd8 25.Bd2 Nc5 26.Rb1 Ne4  0-1

[Event "FRA-chJM2"]
[Site "FRA"]
[Date "1998.??.??"]
[Round "9"]
[White "Wolrich, Charles"]
[Black "Gosset, Arnaud"]
[Result "0-1"]
[WhiteElo "2140"]
[BlackElo "2050"]

1.d4 Nf6 2.c4 e6 3.Nc3 Bb4 4.Qc2 O-O 5.Nf3 c5 6.dxc5 Qa5 7.Bd2 Qxc5 8.e3 d5
9.cxd5 exd5 10.Bd3 Qe7 11.O-O Nc6 12.Rac1 Bd6 13.Nb5 Bb8 14.Nbd4 Nxd4 15.Nxd4 Ne4
16.Bc3 Re8 17.Qe2 Qd6 18.g3 a6 19.Rfd1 Bh3 20.Qh5 Qd7 21.Qh4 Bc7 22.f3 Bd8
23.Qh5 g6 24.Qh6 Bg5 25.Nf5 Bxh6 26.Nxh6+ Kf8 27.Bxe4 Be6 28.Rd4 Qd8 29.h4 Qb6
30.Bb1 Rac8 31.h5 Rc4 32.hxg6 hxg6 33.Bd3 Rxd4 34.Bxd4 Qd8 35.Kf2 Bd7 36.Rh1 Ke7
37.b4 Be6 38.Rc1 Kd7 39.b5 Qa5 40.b6  0-1